| 000 | 00669nam a2200241Ia 4500 | ||
|---|---|---|---|
| 005 | 20260320200945.0 | ||
| 008 | 008 262003s9999 xx 000 0 eng d | ||
| 037 | _aEBOOK | ||
| 040 | _aCRL | ||
| 040 | _beng | ||
| 040 | _cCRL | ||
| 041 | _2eng | ||
| 041 | _aeng | ||
| 084 | _qCRL | ||
| 100 | _aFrey | ||
| 245 | 0 | _aSuccessful Proposal Strategies for Small Businesses: Using Knowledge Management to Win Government, Private-Sector, and International Contracts, Sixth Edition | |
| 260 | _bIEEE | ||
| 260 | _c2012 | ||
| 856 | _uhttps://ieeexplore.ieee.org/servlet/opac?bknumber=9100514 | ||
| 942 | _cEBOOK | ||
| 999 |
_c1717911 _d1717911 |
||